000 00466nam a2200193 a 4500
001 1758522272763
003 ACL
005 20250922115631.0
008 250922s2004##################000#0#eng##
020 _a9781403904683
082 0 4 _a796.01
_bLAW
100 1 _aLavalle, David,
_eauthor.
245 1 0 _aSport Psychology :
260 _bPalgrave Macmillan,
_c2004.
300 _a272 pages
650 0 _aPsychology.
942 _cENGLISH
040 _aACL
_beng
_cACL
999 _c588755
_d588755